<?xml version="1.0" encoding="UTF-8"?>
<collection xmlns="http://www.loc.gov/MARC21/slim">
 <record>
  <leader>04892nas a22006131  4500</leader>
  <controlfield tag="001">1/50223</controlfield>
  <controlfield tag="008">020124c19  9999gw frzp           a0eng d</controlfield>
  <datafield tag="022" ind1=" " ind2=" ">
   <subfield code="a">0843-8714</subfield>
  </datafield>
  <datafield tag="035" ind1=" " ind2=" ">
   <subfield code="l">23332</subfield>
  </datafield>
  <datafield tag="040" ind1=" " ind2=" ">
   <subfield code="a">DLC</subfield>
   <subfield code="b">GR-PeUP</subfield>
  </datafield>
  <datafield tag="090" ind1=" " ind2=" ">
   <subfield code="a">Αλφαβητική σειρά</subfield>
  </datafield>
  <datafield tag="245" ind1="0" ind2="0">
   <subfield code="a">International journal of maritime history</subfield>
  </datafield>
  <datafield tag="260" ind1=" " ind2=" ">
   <subfield code="a">Canada :</subfield>
   <subfield code="b">Maritime Studies Research,</subfield>
   <subfield code="c">19</subfield>
  </datafield>
  <datafield tag="300" ind1=" " ind2=" ">
   <subfield code="a">v. :</subfield>
   <subfield code="b">ill. ;</subfield>
   <subfield code="c">23 cm.</subfield>
  </datafield>
  <datafield tag="310" ind1=" " ind2=" ">
   <subfield code="a">2 no. a year</subfield>
  </datafield>
  <datafield tag="362" ind1="0" ind2=" ">
   <subfield code="a">Vol.I, no.1(June 1989)-v.XII, no.2(Dec. 1993)</subfield>
  </datafield>
  <datafield tag="362" ind1="0" ind2=" ">
   <subfield code="a">Vol.14, no.1(June. 2002)-</subfield>
  </datafield>
  <datafield tag="546" ind1=" " ind2=" ">
   <subfield code="a">English</subfield>
  </datafield>
  <datafield tag="500" ind1=" " ind2=" ">
   <subfield code="a">Περιλαμβάνει και τον τίτλο &quot;Research in Maritime History&quot;</subfield>
  </datafield>
  <datafield tag="650" ind1=" " ind2="4">
   <subfield code="a">Maritime history</subfield>
   <subfield code="v">Periodicals.</subfield>
  </datafield>
  <datafield tag="852" ind1=" " ind2=" ">
   <subfield code="a">INST</subfield>
   <subfield code="b">UNIPILB</subfield>
   <subfield code="c">SERIALS</subfield>
   <subfield code="e">20041122</subfield>
   <subfield code="h">Αλφαβητική σειρά</subfield>
   <subfield code="p">37787</subfield>
   <subfield code="q">37787</subfield>
   <subfield code="t">NOLOAN</subfield>
   <subfield code="v">vol.15;no.1:(Μήνας)June;(Έτος)2003</subfield>
   <subfield code="y">23</subfield>
  </datafield>
  <datafield tag="852" ind1=" " ind2=" ">
   <subfield code="a">INST</subfield>
   <subfield code="b">UNIPILB</subfield>
   <subfield code="c">SERIALS</subfield>
   <subfield code="e">20050125</subfield>
   <subfield code="h">Αλφαβητική σειρά</subfield>
   <subfield code="p">39267</subfield>
   <subfield code="q">39267</subfield>
   <subfield code="t">NOLOAN</subfield>
   <subfield code="v">vol.15;no.2:(Μήνας)December;(Έτος)2003</subfield>
   <subfield code="y">23</subfield>
  </datafield>
  <datafield tag="852" ind1=" " ind2=" ">
   <subfield code="a">INST</subfield>
   <subfield code="b">UNIPILB</subfield>
   <subfield code="c">SERIALS</subfield>
   <subfield code="e">20050204</subfield>
   <subfield code="h">Αλφαβητική σειρά</subfield>
   <subfield code="p">39665</subfield>
   <subfield code="q">39665</subfield>
   <subfield code="t">NOLOAN</subfield>
   <subfield code="v">vol.16;no.1:(Μήνας)June;(Έτος)2004</subfield>
   <subfield code="y">23</subfield>
  </datafield>
  <datafield tag="852" ind1=" " ind2=" ">
   <subfield code="a">INST</subfield>
   <subfield code="b">UNIPILB</subfield>
   <subfield code="c">SERIALS</subfield>
   <subfield code="e">20050516</subfield>
   <subfield code="h">Αλφαβητική σειρά</subfield>
   <subfield code="p">43093</subfield>
   <subfield code="q">43093</subfield>
   <subfield code="t">NOLOAN</subfield>
   <subfield code="v">vol.16;no.2:(Μήνας)December;(Έτος)2004</subfield>
   <subfield code="y">23</subfield>
  </datafield>
  <datafield tag="852" ind1=" " ind2=" ">
   <subfield code="a">INST</subfield>
   <subfield code="b">UNIPILB</subfield>
   <subfield code="c">SERIALS</subfield>
   <subfield code="e">20060209</subfield>
   <subfield code="h">Αλφαβητική σειρά</subfield>
   <subfield code="p">50200</subfield>
   <subfield code="q">50200</subfield>
   <subfield code="t">NOLOAN</subfield>
   <subfield code="v">vol.17;no.1:(Μήνας)June;(Έτος)2005</subfield>
   <subfield code="y">23</subfield>
  </datafield>
  <datafield tag="852" ind1=" " ind2=" ">
   <subfield code="a">INST</subfield>
   <subfield code="b">UNIPILB</subfield>
   <subfield code="c">SERIALS</subfield>
   <subfield code="e">20060518</subfield>
   <subfield code="h">Αλφαβητική σειρά</subfield>
   <subfield code="p">51535</subfield>
   <subfield code="q">51535</subfield>
   <subfield code="t">NOLOAN</subfield>
   <subfield code="v">vol.17;no.2:(Μήνας)December;(Έτος)2005</subfield>
   <subfield code="y">23</subfield>
  </datafield>
  <datafield tag="852" ind1=" " ind2=" ">
   <subfield code="a">INST</subfield>
   <subfield code="b">UNIPILB</subfield>
   <subfield code="c">SERIALS</subfield>
   <subfield code="e">20070905</subfield>
   <subfield code="h">Αλφαβητική σειρά</subfield>
   <subfield code="p">56698</subfield>
   <subfield code="q">56698</subfield>
   <subfield code="t">NOLOAN</subfield>
   <subfield code="v">vol.18;no.1:(Μήνας)June;(Έτος)2006</subfield>
   <subfield code="y">23</subfield>
  </datafield>
  <datafield tag="852" ind1=" " ind2=" ">
   <subfield code="a">INST</subfield>
   <subfield code="b">UNIPILB</subfield>
   <subfield code="c">SERIALS</subfield>
   <subfield code="e">20070905</subfield>
   <subfield code="h">Αλφαβητική σειρά</subfield>
   <subfield code="p">56699</subfield>
   <subfield code="q">56699</subfield>
   <subfield code="t">NOLOAN</subfield>
   <subfield code="v">vol.18;no.2:(Μήνας)December;(Έτος)2006</subfield>
   <subfield code="y">23</subfield>
  </datafield>
  <datafield tag="852" ind1=" " ind2=" ">
   <subfield code="a">INST</subfield>
   <subfield code="b">UNIPILB</subfield>
   <subfield code="c">SERIALS</subfield>
   <subfield code="e">20070917</subfield>
   <subfield code="h">Αλφαβητική σειρά</subfield>
   <subfield code="p">57204</subfield>
   <subfield code="q">57204</subfield>
   <subfield code="t">NOLOAN</subfield>
   <subfield code="v">vol.19;no.1:(Μήνας)June;(Έτος)2007</subfield>
   <subfield code="y">23</subfield>
  </datafield>
  <datafield tag="852" ind1=" " ind2=" ">
   <subfield code="a">INST</subfield>
   <subfield code="b">UNIPILB</subfield>
   <subfield code="c">SERIALS</subfield>
   <subfield code="e">20080603</subfield>
   <subfield code="h">Αλφαβητική σειρά</subfield>
   <subfield code="p">60665</subfield>
   <subfield code="q">60665</subfield>
   <subfield code="t">NOLOAN</subfield>
   <subfield code="v">vol.19;no.2:(Μήνας)December;(Έτος)2007</subfield>
   <subfield code="y">23</subfield>
  </datafield>
  <datafield tag="852" ind1=" " ind2=" ">
   <subfield code="a">INST</subfield>
   <subfield code="b">UNIPILB</subfield>
   <subfield code="c">SERIALS</subfield>
   <subfield code="e">20100310</subfield>
   <subfield code="h">Αλφαβητική σειρά</subfield>
   <subfield code="p">67349</subfield>
   <subfield code="q">67349</subfield>
   <subfield code="t">NOLOAN</subfield>
   <subfield code="v">vol.21;no.1:(Μήνας)June;(Έτος)2009</subfield>
   <subfield code="y">23</subfield>
  </datafield>
  <datafield tag="852" ind1=" " ind2=" ">
   <subfield code="a">INST</subfield>
   <subfield code="b">UNIPILB</subfield>
   <subfield code="c">SERIALS</subfield>
   <subfield code="e">20100310</subfield>
   <subfield code="h">Αλφαβητική σειρά</subfield>
   <subfield code="p">67350</subfield>
   <subfield code="q">67350</subfield>
   <subfield code="t">NOLOAN</subfield>
   <subfield code="v">vol.21;no.2:(Μήνας)December;(Έτος)2009</subfield>
   <subfield code="y">23</subfield>
  </datafield>
  <datafield tag="852" ind1=" " ind2=" ">
   <subfield code="a">INST</subfield>
   <subfield code="b">UNIPILB</subfield>
   <subfield code="c">SERIALS</subfield>
   <subfield code="e">20100830</subfield>
   <subfield code="h">Αλφαβητική σειρά</subfield>
   <subfield code="p">69708</subfield>
   <subfield code="q">69708</subfield>
   <subfield code="t">NOLOAN</subfield>
   <subfield code="v">vol.22;no.1:(Μήνας)June;(Έτος)2010</subfield>
   <subfield code="y">23</subfield>
  </datafield>
  <datafield tag="852" ind1=" " ind2=" ">
   <subfield code="a">INST</subfield>
   <subfield code="b">UNIPILB</subfield>
   <subfield code="c">SERIALS</subfield>
   <subfield code="e">20110503</subfield>
   <subfield code="h">Αλφαβητική σειρά</subfield>
   <subfield code="p">71719</subfield>
   <subfield code="q">71719</subfield>
   <subfield code="t">NOLOAN</subfield>
   <subfield code="v">vol.22;no.2:(Μήνας)December;(Έτος)2010</subfield>
   <subfield code="y">23</subfield>
  </datafield>
  <datafield tag="852" ind1=" " ind2=" ">
   <subfield code="a">INST</subfield>
   <subfield code="b">UNIPILB</subfield>
   <subfield code="c">SERIALS</subfield>
   <subfield code="e">20110830</subfield>
   <subfield code="h">Αλφαβητική σειρά</subfield>
   <subfield code="p">72608</subfield>
   <subfield code="q">72608</subfield>
   <subfield code="t">NOLOAN</subfield>
   <subfield code="v">vol.23;no.1:(Μήνας)June;(Έτος)2011</subfield>
   <subfield code="y">23</subfield>
  </datafield>
  <datafield tag="852" ind1=" " ind2=" ">
   <subfield code="a">INST</subfield>
   <subfield code="b">UNIPILB</subfield>
   <subfield code="c">SERIALS</subfield>
   <subfield code="e">20120511</subfield>
   <subfield code="h">Αλφαβητική σειρά</subfield>
   <subfield code="p">75415</subfield>
   <subfield code="q">75415</subfield>
   <subfield code="t">NOLOAN</subfield>
   <subfield code="v">vol.23;no.2:(Μήνας)December;(Έτος)2011</subfield>
   <subfield code="y">23</subfield>
  </datafield>
  <datafield tag="852" ind1=" " ind2=" ">
   <subfield code="a">INST</subfield>
   <subfield code="b">UNIPILB</subfield>
   <subfield code="c">SERIALS</subfield>
   <subfield code="e">20121001</subfield>
   <subfield code="h">Αλφαβητική σειρά</subfield>
   <subfield code="p">76655</subfield>
   <subfield code="q">76655</subfield>
   <subfield code="t">NOLOAN</subfield>
   <subfield code="v">vol.24;no.1:(Μήνας)June;(Έτος)2012</subfield>
   <subfield code="y">23</subfield>
  </datafield>
  <datafield tag="852" ind1=" " ind2=" ">
   <subfield code="a">INST</subfield>
   <subfield code="b">UNIPILB</subfield>
   <subfield code="c">SERIALS</subfield>
   <subfield code="e">20130823</subfield>
   <subfield code="h">Αλφαβητική σειρά</subfield>
   <subfield code="p">80746</subfield>
   <subfield code="q">80746</subfield>
   <subfield code="t">NOLOAN</subfield>
   <subfield code="v">vol.24;no.2:(Μήνας)December;(Έτος)2012</subfield>
   <subfield code="y">23</subfield>
  </datafield>
  <datafield tag="852" ind1=" " ind2=" ">
   <subfield code="a">INST</subfield>
   <subfield code="b">UNIPILB</subfield>
   <subfield code="c">SERIALS</subfield>
   <subfield code="e">20140515</subfield>
   <subfield code="h">Αλφαβητική σειρά</subfield>
   <subfield code="p">83160</subfield>
   <subfield code="q">83160</subfield>
   <subfield code="t">NOLOAN</subfield>
   <subfield code="v">vol.25;no.2:(Μήνας)December;(Έτος)2013</subfield>
   <subfield code="y">23</subfield>
  </datafield>
  <datafield tag="852" ind1=" " ind2=" ">
   <subfield code="a">INST</subfield>
   <subfield code="b">UNIPILB</subfield>
   <subfield code="c">SERIALS</subfield>
   <subfield code="e">20140523</subfield>
   <subfield code="h">Αλφαβητική σειρά</subfield>
   <subfield code="p">83220</subfield>
   <subfield code="q">83220</subfield>
   <subfield code="t">NOLOAN</subfield>
   <subfield code="v">vol.25;no.1:(Μήνας)June;(Έτος)2013</subfield>
   <subfield code="y">23</subfield>
  </datafield>
  <datafield tag="856" ind1="4" ind2="1">
   <subfield code="u">http://www.mum.ca/mhp</subfield>
  </datafield>
  <datafield tag="900" ind1=" " ind2=" ">
   <subfield code="a">Vol. 26 no. 1 (June 2014)</subfield>
   <subfield code="b">Οφειλόμενο</subfield>
   <subfield code="c">13/06/2017</subfield>
  </datafield>
  <datafield tag="900" ind1=" " ind2=" ">
   <subfield code="a">Vol. 20 no. 1 (June 2008)</subfield>
   <subfield code="b">Οφειλόμενο</subfield>
   <subfield code="c">18/09/2009</subfield>
  </datafield>
  <datafield tag="900" ind1=" " ind2=" ">
   <subfield code="a">Vol. 20 no. 2 (December 2008)</subfield>
   <subfield code="b">Οφειλόμενο</subfield>
   <subfield code="c">15/03/2010</subfield>
  </datafield>
  <datafield tag="950" ind1=" " ind2=" ">
   <subfield code="a">01/06/2003</subfield>
   <subfield code="c">ANACO Κ. ΑΝΑΓΝΩΣΤΟΥ Ε.Π.Ε., ΜΗΧΑΝΗΜΑΤΑ ΚΑΙ ΣΥΣΤΗΜΑΤΑ ΟΡΓΑΝΩΣΗΣ ΓΡΑΦΕΙΟΥ</subfield>
   <subfield code="d">75</subfield>
  </datafield>
  <datafield tag="951" ind1=" " ind2=" ">
   <subfield code="a">Vol. 25 no. 1 (June 2013) - Vol. 25 no. 2 (December 2013)</subfield>
   <subfield code="b">Main run</subfield>
  </datafield>
  <datafield tag="951" ind1=" " ind2=" ">
   <subfield code="a">Vol.I, no.1(June 1989) -  (v.XII, no.2(Dec. 1993)</subfield>
   <subfield code="b">Main run</subfield>
  </datafield>
  <datafield tag="951" ind1=" " ind2=" ">
   <subfield code="a">Vol.14, no.1(June. 2002) -  (v.14, no.2(Dec. 2002)</subfield>
   <subfield code="b">Main run</subfield>
  </datafield>
  <datafield tag="951" ind1=" " ind2=" ">
   <subfield code="a">Vol. 15 no. 1  (June 2003)</subfield>
   <subfield code="b">Main run</subfield>
  </datafield>
  <datafield tag="951" ind1=" " ind2=" ">
   <subfield code="a">Vol. 15 no. 2 (December 2003) - Vol. 17 no. 2 (December 2005)</subfield>
   <subfield code="b">Main run</subfield>
  </datafield>
  <datafield tag="951" ind1=" " ind2=" ">
   <subfield code="a">Vol. 18 no. 1 (June 2006) - Vol. 18 no. 2 (December 2006)</subfield>
   <subfield code="b">Main run</subfield>
  </datafield>
  <datafield tag="951" ind1=" " ind2=" ">
   <subfield code="a">Vol. 19 no. 1 (June 2007) - Vol. 19 no. 2 (December 2007)</subfield>
   <subfield code="b">Main run</subfield>
  </datafield>
  <datafield tag="951" ind1=" " ind2=" ">
   <subfield code="a">Vol. 21 no. 1 (June 2009) - Vol. 24 no. 2 (December 2012)</subfield>
   <subfield code="b">Main run</subfield>
  </datafield>
  <datafield tag="952" ind1=" " ind2=" ">
   <subfield code="a">VI(2)1994, VII(2)1995, XII(1)2000</subfield>
  </datafield>
 </record>
</collection>
